Governança e gestão de obras públicas : (Record no. 348)

MARC details
000 -LÍDER
Campo Fixo de Controle 00811nam a2200241 a 4500
001 - NÚMERO DE CONTROLE
Campo de Controle 348
003 - IDENTIFICAÇÃO DO NÚMERO DE CONTROLE
Campo de Controle BR-CuiBMT
005 - DATA E HORA DA ÚLTIMA ATUALIZAÇÃO
Campo de Controle 20231101183834.0
008 - DADOS FIXOS
Dados Fixos 231101s2018 mgba 000 0 eng d
020 ## - INTERNATIONAL STANDARD BOOK NUMBER
Nº do ISBN 9788545004011
040 ## - AGÊNCIA CATALOGADORA
Código da Agência Catalogadora BR-CuiBMT
Agência que transcreveu o registro BR-CuiBMT
080 ## - Nº DA CLASSIFICAÇÃO DECIMAL UNIVERSAL
Nº edição CDU 2007
Nº Class. CDU 351.712:658
090 ## - NÚMERO DE CHAMADA
Nº classificação 351.712:658
Cutter B699g
100 1# - ENTRADA PRINCIPAL -- AUTOR PESSOAL
Nome pessoal Bonatto, Hamilton
245 10 - TÍTULO PRINCIPAL
Título principal Governança e gestão de obras públicas :
Subtítulo do planejamento à pós-ocupação /
Indicação de responsabilidade Hamilton Bonatto ; prefácio Jorge Ulisses Jacoby Fernandes
260 ## - PUBLICAÇÃO, DISTRIBUIÇÃO, ETC.
Local de publicação Belo Horizonte :
Editora Fórum,
Data 2018.
300 ## - DESCRIÇÃO FÍSICA
N. páginas ou volumes 654 p. :
Ilustrações il. ;
Dimensões 24 cm
504 ## - NOTA DE BIBLIOGRAFIA, ETC.
Nota de bibliografia Inclui bibliografia.
650 ## - ASSUNTO TÓPICO
Cabeçalho tópico ou nome geográfico Obras públicas
Subdivisão geral Planejamento
Subdivisão geográfica Brasil
650 ## - ASSUNTO TÓPICO
Cabeçalho tópico ou nome geográfico Contratação de obras e serviços
Subdivisão geográfica Brasil
650 ## - ASSUNTO TÓPICO
Cabeçalho tópico ou nome geográfico Contrato administrativo
Subdivisão geográfica Brasil
942 ## - ELEMENTOS DE ENTRADA ADICIONAIS (KOHA)
Fonte de classificação ou esquema de arquivamento Classificação Decimal Universal
Tipo de item do Koha Livros
Holdings
Estado: removido Estado: perdido Fonte de classificação ou esquema de arquivamento Estado: danificado Indisponível para empréstimo Localização permanente Localização atual Data de aquisição Total Checkouts Número de Chamada completo Código de barras Date last seen Número do exemplar Preço efetivo a partir de Tipo de item (Koha)
    Classificação Decimal Universal     Biblioteca da Escola Superior de Contas do TCE/MT Biblioteca da Escola Superior de Contas do TCE/MT 01/11/2023   351.712:658 B699q BIBTCEMT23110017 01/11/2023 Ex. 1 01/11/2023 Livros
    Classificação Decimal Universal     Biblioteca da Escola Superior de Contas do TCE/MT Biblioteca da Escola Superior de Contas do TCE/MT 01/11/2023   351.712:658 B699q BIBTCEMT23110019 01/11/2023 Ex. 2 01/11/2023 Livros

Powered by Koha